| 000 | 00554nam a2200217Ia 4500 | ||
|---|---|---|---|
| 005 | 20250425160812.0 | ||
| 008 | 250425s9999 xx 000 0 und d | ||
| 020 | _a9021270013 | ||
| 041 | _aeng | ||
| 082 | _a627.042 | ||
| 100 | _aHAUGUEL, A | ||
| 245 | 0 | _aAN INVENTORY OF HYDRODYNAMIC ELEMENTS FOR CYLINDERS UNDER WAVE CONDITIONS | |
| 250 | _aS.E. | ||
| 260 |
_aPaĆses Bajos, Holanda _bIAHR _c1950 |
||
| 260 | _aROTHERHAM | ||
| 650 | _aHIDRODINAMICA | ||
| 700 | _aLEPETIT, J. P. | ||
| 700 | _aSABATON, M. | ||
| 942 | _c01 | ||
| 010 | _a5555 | ||
| 999 |
_c196433 _d196433 |
||